Secluded Scholars;women`s Education and Muslim Social Reform in Colonialind (Record no. 9458)

MARC details
000 -LEADER
fixed length control field 00662nam a2200241 a 4500
020 ## - INTERNATIONAL STANDARD BOOK NUMBER
ISBN 0195646
082 00 - DEWEY DECIMAL CLASSIFICATION NUMBER
Classification number 305.48095403
Author Cutter MIN
100 ## - MAIN ENTRY--AUTHOR NAME
Author name Minault, Gail
245 ## - TITLE STATEMENT
Title Secluded Scholars;women`s Education and Muslim Social Reform in Colonialind
260 ## - PUBLICATION, DISTRIBUTION, ETC. (IMPRINT)
Place of publication Delhi
Name of publisher Oxford University Press
Year of publication 1998
300 ## - PHYSICAL DESCRIPTION
Number of Pages 359p
500 ## - GENERAL NOTE
General note includes index and biblioraphy
505 2# - FORMATTED CONTENTS NOTE
Formatted contents note Glossary, Index
650 ## - SUBJECT ADDED ENTRY--TOPICAL TERM
Topical Term Muslim Women-India, Briti
942 ## - ADDED ENTRY ELEMENTS (KOHA)
Koha item type Books
700 1# -
-- Minault, Gail
Holdings
Collection code Home library Current library Date acquired Cost, normal purchase price Full call number Accession Number Koha item type
  Henry Martyn Institute Library Henry Martyn Institute Library 03/26/2007 575.00 305.48095403 MIN 017982 Books
                   Copyright © 2026 | Henry Martyn Institute | Hyderabad | TS-500052 | INDIA | Implemented by hmi.edu.in
Hit-Count:

Powered by Koha